Teohlogy : the word according to Patrick Teoh
| Main Author: | |
|---|---|
| Format: | Book |
| Published: |
Selangor :
ZI Pub ,
2011
|
| Subjects: |
MARC
| LEADER | 00000cam a2200000 7i4500 | ||
|---|---|---|---|
| 001 | 0000031277 | ||
| 005 | 20111228.0 | ||
| 008 | 111228 | ||
| 020 | |a 9675266157 | ||
| 090 | 0 | 0 | |a 808.04 |b PAT |
| 100 | 0 | |a Patrick Teoh | |
| 245 | 1 | 0 | |a Teohlogy : |b the word according to Patrick Teoh |c Patrick Teoh |
| 260 | |a Selangor : |b ZI Pub , |c 2011 | ||
| 650 | 0 | |a English readers |x Rhetoric | |
| 999 | |a 0001143146 |b Book |c Adult Collection |e Perbadanan Perpustakaan Awam Johor | ||
| 999 | |a 0001296212 |b Book |c Adult Collection |e Perbadanan Perpustakaan Awam Johor | ||